Physlet Physics: (Record no. 14557)

000 -LEADER
fixed length control field 00664nam a22001697a 4500
008 - FIXED-LENGTH DATA ELEMENTS--GENERAL INFORMATION
fixed length control field 161004b xxu||||| |||| 00| 0 eng d
020 ## - INTERNATIONAL STANDARD BOOK NUMBER
International Standard Book Number 0131019694
050 ## - LIBRARY OF CONGRESS CALL NUMBER
Classification number QC 30 .C477 2004
100 ## - MAIN ENTRY--PERSONAL NAME
Personal name Christian, Wolfgang
245 ## - TITLE STATEMENT
Title Physlet Physics:
Remainder of title interactive illustrations, explorations and problems for introductory physics/
Statement of responsibility, etc. Wolfgang Christian and Mario Belloni
260 ## - PUBLICATION, DISTRIBUTION, ETC. (IMPRINT)
Place of publication, distribution, etc. Upper Saddle River, NJ:
Name of publisher, distributor, etc. Prentice Hall,
Date of publication, distribution, etc. 2004
300 ## - PHYSICAL DESCRIPTION
Extent xxi, 326p. :
Other physical details ill. ;
Accompanying material CD
Type of unit cm
Size of unit 12
650 ## - SUBJECT ADDED ENTRY--TOPICAL TERM
Topical term or geographic name as entry element Physics
General subdivision Computer-assisted instructions
650 ## - SUBJECT ADDED ENTRY--TOPICAL TERM
Topical term or geographic name as entry element Physics
General subdivision Problems. Exercises
700 ## - ADDED ENTRY--PERSONAL NAME
Personal name Belloni, Mario
942 ## - ADDED ENTRY ELEMENTS (KOHA)
Source of classification or shelving scheme
Koha item type Hard Covered Materials
Classification part QC 30 .C477 2004
Holdings
Withdrawn status Lost status Source of classification or shelving scheme Damaged status Not for loan Home library Current library Shelving location Date acquired Source of acquisition Total Checkouts Full call number Barcode Date last seen Date last checked out Price effective from Koha item type
          MACHAKOS UNIVERSITY LIBRARY MACHAKOS UNIVERSITY LIBRARY Open shelf 04/10/2016 Donation (BFA) 1 QC 30 .C477 2004 24349 03/06/2022 19/05/2022 04/10/2016 Hard Covered Materials
© Machakos University Library, Along The Highway, Machakos Wote Rd, Machakos, Kenya P.O. Box 136 - 90100 Machakos - Kenya

Tel: ( +254 ) 723 805829 OR Fax : 044-20353 OR Email: library@mksu.ac.ke